Missing Word: 'F' #1s Quiz Stats

 Plays Quiz Updated Jan 16, 2013

Support Sporcle.
Go Orange.
Score 0/19 Timer 03:00
3 Plays Today
Single Title 'F' Word % Correct
The ____ Time Ever I Saw Your FaceFirst
96.5%
Raindrops Keep ____ on My HeadFallin'
96.3%
Poker ____Face
96%
Play That ____ MusicFunky
92.8%
Last ____ Night (T.G.I.F.)Friday
92.2%
We Didn't Start the ____Fire
91.5%
You've Lost That Loving ____Feeling
89.8%
Kung Fu ____Fighting
89.3%
I Feel ____Fine
79.5%
Don't ____ About UsForget
79.4%
Single Title 'F' Word % Correct
You've Got a ____Friend
76.3%
Eternal ____Flame
70.2%
We ____ LoveFound
67.8%
You Don't Bring Me ____Flowers
62.1%
____ AffairFamily
52.1%
Le ____Freak
50.2%
I Will ____ HimFollow
46.2%
Philadelphia ____Freedom
45.6%
Father ____Figure
43.3%

Today's Daily Dose

You're not logged in!

Compare scores with friends on all Sporcle quizzes.
OR
Log In

From the Vault

Top 5 Countries by # of Letters

by ahlasny

Mixing letters and countries and numbers...you just never know what might come from that.
Remove Ads.
Support Sporcle.
Get the best of Sporcle when you Go Orange. This ad-free experience offers more features, more stats, and more fun while also helping to support Sporcle. Thank you for becoming a member.

Show Comments

Extras

Top Quizzes Today


Score Distribution

Your Account Isn't Verified!

In order to create a playlist on Sporcle, you need to verify the email address you used during registration. Go to your Sporcle Settings to finish the process.

Report this User

Report this user for behavior that violates our Community Guidelines.

Details: